000 01161nam a2200229Ia 4500
001 19460
003 GE_BSU
008 181216s||||||||xx |||||||||||||| ||und||
040 _cGE_BSU
080 _a821.353.1.09-13
245 _aვეფხის-ტყაოსნის სიმფონია=Симфония к поэме Ш.Руставели: Витязь в тигровой шкуре
245 _bძველი ქართული ენის კათედრის შრომები :3
245 _cშედგენილი:აკაკი შანიძის ხელმძღვანელობით მისივე წინასიტ.და გამოკვლევით.
260 _aთბილისი
260 _bსტალინის სახელობის თბილ.სახელმწ.უნ-ტი
260 _c1956
300 _a430გვ;24სმ.
541 _h4ლ.16თ.
653 _aრუსთაველი შოთა და მისი ვეფხისტყაოსანი;
653 _aქართული ლიტერატურა
942 _cBK
999 _c52438
_d52438